[Event "Mittelfranken-chTB1 1112"]
[Site "Germany"]
[Date "2011.09.25"]
[Round "1.2"]
[White "Walter, Markus"]
[Black "Hacker, Jonas"]
[Result "1/2-1/2"]
[WhiteElo "1967"]
[BlackElo "1998"]
[PlyCount "82"]
[EventDate "2011.09.25"]
[EventType "team-tourn"]
[EventRounds "9"]
[EventCountry "GER"]
[SourceTitle "EXT 2013"]
[Source "ChessBase"]
[SourceDate "2012.11.22"]
[SourceVersion "1"]
[SourceVersionDate "2012.11.22"]
[SourceQuality "1"]
[WhiteTeam "Nuernberg SK 1911"]
[BlackTeam "Buechenbach/Roth"]
[WhiteTeamCountry "GER"]
[BlackTeamCountry "GER"]

1. e4 c5 2. Nf3 d6 3. Bb5+ Bd7 4. Bxd7+ Qxd7 5. 0-0 Nc6 6. c3 Nf6 7. Re1 g6 8. d4 cxd4 9. cxd4 d5 10. e5 Ne4 11. Nbd2 Nxd2 12. Bxd2 e6 13. Bg5 Bg7 14. Qd2 h6 15. Bf6 Bxf6 16. exf6 Qd8 17. Ne5 Qxf6 18. Nxc6 bxc6 19. Rac1 Kd7 20. Rc5 Rhc8 21. Rec1 Rab8 22. Qc3 Qf4 23. g3 Qd6 24. b4 Rc7 25. a4 a6 26. Kg2 g5 27. Qd2 f5 28. h4 gxh4 29. Qxh6 hxg3 30. b5 axb5 31. axb5 Rxb5 32. Rxb5 cxb5 33. Qg7+ Kc8 34. Qg8+ Kb7 35. Ra1 Rc8 36. Qf7+ Qc7 37. Qxe6 Qc6 38. Qf7+ Rc7 39. Qf8 Rc8 40. Qf7+ Rc7 41. Qf8 Rc8 1/2-1/2

[Event "Mittelfranken-chTB1 0910"]
[Site "Mittelfranken"]
[Date "2009.11.22"]
[Round "3.6"]
[White "Wittmann, Norbert"]
[Black "Walter, Markus"]
[Result "0-1"]
[WhiteElo "1748"]
[BlackElo "1926"]
[PlyCount "78"]
[EventDate "2009.10.11"]
[EventType "team-tourn"]
[EventRounds "9"]
[EventCountry "GER"]
[SourceTitle "EXT 2011"]
[Source "ChessBase"]
[SourceDate "2010.11.26"]
[SourceVersion "1"]
[SourceVersionDate "2010.11.26"]
[SourceQuality "1"]
[WhiteTeam "Muehlhof/Mfr"]
[BlackTeam "Nuernberg SK 1911"]
[WhiteTeamCountry "GER"]
[BlackTeamCountry "GER"]

1. e4 c6 2. d4 d5 3. exd5 cxd5 4. c4 Nf6 5. Nf3 e6 6. Bd3 Nc6 7. 0-0 Nb4 8. Be2 Be7 9. Nc3 dxc4 10. Bxc4 0-0 11. Re1 a6 12. a3 Nbd5 13. Qb3 Nxc3 14. Qxc3 b5 15. Bb3 Bb7 16. Qe3 Bxf3 17. gxf3 Nd5 18. Qe4 Re8 19. Kh1 Bh4 20. Re2 Bf6 21. Bd2 Qd7 22. Ba5 g6 23. Rd1 Qd6 24. Rde1 Rec8 25. Rd1 Rc6 26. Bd2 Rac8 27. Be3 a5 28. a4 bxa4 29. Bxa4 Rc4 30. Bc2 Rb4 31. Bb1 Qb6 32. Ba2 Nxe3 33. fxe3 Rxb2 34. Rdd2 Rxd2 35. Rxd2 Qb4 36. Re2 Rc1+ 37. Kg2 Qb5 38. Rf2 Qg5+ 39. Qg4 Qxe3 0-1

[Event "Mittelfranken-ch NT 58th"]
[Site "Postbauer"]
[Date "2009.04.09"]
[Round "4"]
[White "Walter, Markus"]
[Black "Lais, Thomas"]
[Result "1/2-1/2"]
[WhiteElo "1948"]
[BlackElo "1848"]
[PlyCount "34"]
[EventDate "2009.04.08"]
[EventType "swiss"]
[EventRounds "7"]
[EventCountry "GER"]
[SourceTitle "EXT 2015"]
[Source "ChessBase"]
[SourceDate "2014.11.20"]
[SourceVersion "1"]
[SourceVersionDate "2014.11.20"]
[SourceQuality "1"]

1. e4 c5 2. Nf3 d6 3. Bb5+ Nc6 4. 0-0 Bd7 5. c3 Nf6 6. Re1 a6 7. Bxc6 Bxc6 8. e5 dxe5 9. Nxe5 e6 10. Nxc6 bxc6 11. Qf3 Qd5 12. Qxd5 cxd5 13. d4 Kd7 14. Be3 Ng4 15. Nd2 Nxe3 16. fxe3 Rb8 17. Rab1 Bd6 1/2-1/2

[Event "Mittelfranken Mitte-ch 0708"]
[Site "Zirndorf"]
[Date "2008.01.19"]
[Round "7"]
[White "Schanz, Karlheinz"]
[Black "Walter, Markus"]
[Result "1/2-1/2"]
[WhiteElo "1850"]
[BlackElo "1946"]
[PlyCount "78"]
[EventDate "2008.01.04"]
[EventType "swiss"]
[EventRounds "7"]
[EventCountry "GER"]
[SourceTitle "EXT 2015"]
[Source "ChessBase"]
[SourceDate "2014.11.20"]
[SourceVersion "1"]
[SourceVersionDate "2014.11.20"]
[SourceQuality "1"]

1. e4 c6 2. d4 d5 3. Nc3 dxe4 4. Nxe4 Nd7 5. Nf3 Ndf6 6. Ng3 Bg4 7. Be2 e6 8. 0-0 Ne7 9. c4 Ng6 10. Be3 Bd6 11. Nd2 Bxe2 12. Qxe2 0-0 13. Qf3 e5 14. Nb3 Qc7 15. Bg5 Nd7 16. Ne4 f6 17. Be3 Rae8 18. Nxd6 Qxd6 19. Rfd1 Qb4 20. Qf5 Rf7 21. Qc2 Nb6 22. Rac1 exd4 23. Nxd4 Ne5 24. b3 Rd7 25. Nf5 Red8 26. Rxd7 Rxd7 27. Rd1 Qa5 28. Bd2 Qc5 29. Be3 Qb4 30. Bd2 Qf8 31. Bc3 g6 32. Rxd7 Nbxd7 33. Ne3 Qd6 34. Qd2 Qd3 35. Qxd3 Nxd3 36. Bd2 f5 37. f3 Kf7 38. Kf1 N7e5 39. Nc2 f4 1/2-1/2

[Event "Mittelfranken Mitte-ch 0708"]
[Site "Zirndorf"]
[Date "2008.01.06"]
[Round "5"]
[White "Werner, Thomas1111"]
[Black "Walter, Markus"]
[Result "1/2-1/2"]
[WhiteElo "1792"]
[BlackElo "1946"]
[PlyCount "40"]
[EventDate "2008.01.04"]
[EventType "swiss"]
[EventRounds "7"]
[EventCountry "GER"]
[SourceTitle "EXT 2015"]
[Source "ChessBase"]
[SourceDate "2014.11.20"]
[SourceVersion "1"]
[SourceVersionDate "2014.11.20"]
[SourceQuality "1"]

1. d4 c6 2. c4 d5 3. cxd5 cxd5 4. Bf4 e6 5. Nc3 a6 6. e3 Bd6 7. Bxd6 Qxd6 8. Bd3 Nc6 9. Rc1 Nf6 10. Nf3 0-0 11. 0-0 b5 12. a3 Bb7 13. b4 Rac8 14. Nd2 e5 15. dxe5 Nxe5 16. Bf5 Rcd8 17. Nb3 g6 18. Bh3 Nc4 19. Ra1 Qe5 20. Qd4 Qxd4 1/2-1/2

[Event "Mittelfranken-ch QT 56th"]
[Site "Postbauer"]
[Date "2007.04.06"]
[Round "5"]
[White "Walter, Markus"]
[Black "Hack, Klaus"]
[Result "1/2-1/2"]
[WhiteElo "1933"]
[BlackElo "1854"]
[PlyCount "65"]
[EventDate "2007.04.04"]
[EventType "swiss"]
[EventRounds "7"]
[EventCountry "GER"]
[SourceTitle "EXT 2015"]
[Source "ChessBase"]
[SourceDate "2014.11.20"]
[SourceVersion "1"]
[SourceVersionDate "2014.11.20"]
[SourceQuality "1"]

1. e4 d5 2. exd5 Qxd5 3. Nc3 Qa5 4. d4 c6 5. Bc4 Bf5 6. Nf3 Nf6 7. 0-0 e6 8. Re1 Bb4 9. Bd2 0-0 10. a3 Bxc3 11. Bxc3 Qc7 12. h3 h6 13. b4 Nbd7 14. Qe2 Nd5 15. Bd2 Rad8 16. Ne5 N5b6 17. Bb3 Nxe5 18. dxe5 Rd7 19. Rad1 Rfd8 20. Bc3 Nd5 21. Bb2 b5 22. c4 Nf4 23. Qf3 Rxd1 24. Rxd1 Rxd1+ 25. Qxd1 Nd3 26. Bc3 Nxe5 27. Qd4 f6 28. cxb5 cxb5 29. f4 Nc4 30. a4 a6 31. g4 Bb1 32. Be1 Kh7 33. Bg3 1/2-1/2

[Event "Mittelfranken-ch QT 56th"]
[Site "Postbauer"]
[Date "2007.04.05"]
[Round "3"]
[White "Walter, Markus"]
[Black "Bayer, Rolf"]
[Result "1-0"]
[WhiteElo "1933"]
[BlackElo "1679"]
[PlyCount "55"]
[EventDate "2007.04.04"]
[EventType "swiss"]
[EventRounds "7"]
[EventCountry "GER"]
[SourceTitle "EXT 2015"]
[Source "ChessBase"]
[SourceDate "2014.11.20"]
[SourceVersion "1"]
[SourceVersionDate "2014.11.20"]
[SourceQuality "1"]

1. e4 c5 2. Nf3 Nc6 3. Bb5 g6 4. 0-0 Bg7 5. c3 a6 6. Bxc6 bxc6 7. d4 cxd4 8. cxd4 e6 9. d5 cxd5 10. exd5 d6 11. dxe6 fxe6 12. Nc3 Nh6 13. Bg5 Qd7 14. Qd2 Nf7 15. Bh4 0-0 16. Rad1 Bb7 17. Nd4 Rac8 18. f3 Rc4 19. Bf2 Rfc8 20. Rfe1 e5 21. Nb3 Qc7 22. Qe3 a5 23. Nb5 Qd8 24. Qa7 Qd7 25. Na3 Ra8 26. Qe3 a4 27. Nxc4 axb3 28. Nb6 1-0

[Event "Mittelfrankenliga-B2a 0506"]
[Site "Germany"]
[Date "2005.10.16"]
[Round "1.3"]
[White "Walter, Markus"]
[Black "Reichenberger, Helmut"]
[Result "1/2-1/2"]
[WhiteElo "1952"]
[BlackElo "1837"]
[PlyCount "83"]
[EventDate "2005.10.16"]
[EventType "team"]
[EventRounds "9"]
[EventCountry "GER"]
[SourceTitle "EXT 2007"]
[Source "ChessBase"]
[SourceDate "2006.11.23"]
[SourceVersion "1"]
[SourceVersionDate "2006.11.23"]
[SourceQuality "1"]

1. e4 d6 2. d4 Nf6 3. Nc3 c6 4. f3 Qc7 5. Be3 e5 6. Bc4 Be7 7. a4 a5 8. Nge2 Nbd7 9. 0-0 exd4 10. Nxd4 Ne5 11. Bb3 0-0 12. Qe2 Re8 13. Rad1 Bf8 14. Bg5 b6 15. Bxf6 gxf6 16. Qf2 Ng6 17. Qg3 Be6 18. h4 Kh8 19. h5 Ne5 20. Qf4 Bxb3 21. cxb3 Be7 22. Nf5 Rg8 23. Nxd6 Rg7 24. h6 Rg6 25. Nxf7+ Kg8 26. Nxe5 fxe5 27. Qc1 Bg5 28. Qc2 Be3+ 29. Rf2 Qf7 30. Kf1 Bxf2 31. Kxf2 Rxh6 32. Ne2 Qe7 33. Ng3 Rg6 34. Nf5 Qc7 35. Rd3 Rd8 36. Qc3 Rxd3 37. Qxd3 Kf8 38. g4 Rf6 39. Qa6 Re6 40. Ne3 Qd8 41. Nf5 Qc7 42. Ne3 1/2-1/2

[Event "Nuremberg-ch op 04th"]
[Site "Nuremberg"]
[Date "2004.05.21"]
[Round "1"]
[White "Walter, Markus"]
[Black "Runte, Dirk"]
[Result "1-0"]
[WhiteElo "2027"]
[BlackElo "1594"]
[PlyCount "71"]
[EventDate "2004.05.21"]
[EventType "swiss"]
[EventRounds "5"]
[EventCountry "GER"]
[SourceTitle "EXT 2006"]
[Source "ChessBase"]
[SourceDate "2005.11.24"]
[SourceVersion "1"]
[SourceVersionDate "2005.11.24"]
[SourceQuality "1"]

1. e4 e6 2. f4 c5 3. Nf3 Nc6 4. Bb5 a6 5. Bxc6 bxc6 6. 0-0 d5 7. d3 Nf6 8. Nc3 Be7 9. b3 0-0 10. Bb2 d4 11. Ne2 Ng4 12. Qd2 Ne3 13. Rfe1 f5 14. Ne5 Bb7 15. c3 fxe4 16. dxe4 Qa5 17. b4 Qa4 18. cxd4 Qc2 19. Qxe3 Qxb2 20. bxc5 Ra7 21. Nd7 Rd8 22. Qh3 Bc8 23. Qxe6+ Kh8 24. Qxe7 Raxd7 25. Qe5 Qd2 26. f5 Qe3+ 27. Kh1 Rb7 28. f6 Bh3 29. Qg3 Bxg2+ 30. Qxg2 gxf6 31. Ng3 Qxd4 32. Qf3 Rb2 33. Rad1 Rd2 34. Rxd2 Qxd2 35. Qxf6+ Kg8 36. Rg1 1-0

[Event "Landesliga Nord 0001"]
[Site "Bayern"]
[Date "2001.03.11"]
[Round "7"]
[White "Walter, Markus"]
[Black "Koenig, Oliver"]
[Result "0-1"]
[WhiteElo "1974"]
[BlackElo "2297"]
[PlyCount "98"]
[EventDate "2000.10.15"]
[EventType "team-tourn"]
[EventRounds "9"]
[EventCountry "GER"]
[SourceTitle "EXT 2020"]
[Source "ChessBase"]
[SourceDate "2019.10.17"]
[SourceVersion "1"]
[SourceVersionDate "2019.10.17"]
[SourceQuality "1"]
[WhiteTeam "Schwabach"]
[BlackTeam "Fuerth SF"]
[WhiteTeamCountry "GER"]
[BlackTeamCountry "GER"]

1. e4 c5 2. Nf3 Nc6 3. Bb5 e6 4. 0-0 Nge7 5. c3 a6 6. Bxc6 Nxc6 7. d4 d5 8. Qe2 cxd4 9. cxd4 Be7 10. Nc3 0-0 11. Rd1 b5 12. Bf4 b4 13. Na4 Qa5 14. b3 Bb7 15. Rac1 Rfe8 16. exd5 exd5 17. Qd2 Rac8 18. Nc5 Qb5 19. Nxb7 Qxb7 20. h3 Na7 21. Qd3 Nb5 22. Bd2 Nd6 23. Ng5 g6 24. h4 h6 25. Nf3 Bf8 26. h5 g5 27. Ne5 Ne4 28. Re1 Nxd2 29. Qxd2 Bg7 30. Nf3 Qb6 31. Rxc8 Rxc8 32. Ne5 Qd6 33. Rc1 Rxc1+ 34. Qxc1 Bxe5 35. dxe5 Qxe5 36. Qc8+ Kg7 37. Qxa6 Qe1+ 38. Qf1 Qd2 39. Qa1+ d4 40. Kf1 Kf6 41. g3 Kf5 42. a3 d3 43. Qg7 Qe2+ 44. Kg2 Qe4+ 45. Kh2 Qd5 46. Qh7+ Kg4 47. Qg8 d2 48. Qc8+ f5 49. f3+ Kxf3 0-1

[Event "Regionalliga NO 9900"]
[Site "Bayern"]
[Date "2000.??.??"]
[Round "5.8"]
[White "Fink, Martin"]
[Black "Walter, Markus"]
[Result "1/2-1/2"]
[WhiteElo "1895"]
[BlackElo "1974"]
[PlyCount "128"]
[EventDate "1999.??.??"]
[EventType "team-tourn"]
[EventRounds "9"]
[EventCountry "GER"]
[SourceTitle "EXT 2020"]
[Source "ChessBase"]
[SourceDate "2019.10.17"]
[SourceVersion "1"]
[SourceVersionDate "2019.10.17"]
[SourceQuality "1"]
[WhiteTeam "Gunzenhausen"]
[BlackTeam "Schwabach"]
[WhiteTeamCountry "GER"]
[BlackTeamCountry "GER"]

1. d4 d5 2. c4 c6 3. Nc3 Nf6 4. cxd5 cxd5 5. Nf3 Nc6 6. g3 e6 7. Bg2 Bd6 8. 0-0 0-0 9. a3 b6 10. Bg5 h6 11. Bxf6 Qxf6 12. e4 Qd8 13. exd5 exd5 14. Nxd5 Bb7 15. Re1 Bxg3 16. Ne3 Bd6 17. Rc1 Ne7 18. Ne5 Bxg2 19. Kxg2 Ng6 20. Nxg6 fxg6 21. Rc6 Qh4 22. Ng4 Rf4 23. Rxd6 Rxg4+ 24. Kh1 Qxf2 25. Rg1 Rxg1+ 26. Qxg1 Qxg1+ 27. Kxg1 Rc8 28. Rd7 Rc1+ 29. Kg2 Rc2+ 30. Kg1 a5 31. b4 axb4 32. axb4 Rb2 33. Rd6 Rxb4 34. Rxg6 Kf7 35. Rd6 Ke7 36. Rc6 Rxd4 37. Rxb6 Rd2 38. Ra6 Kf7 39. Rc6 h5 40. Rb6 g6 41. Rc6 Kg7 42. Rb6 Kh6 43. Rb5 h4 44. Rc5 Re2 45. Rd5 Kg7 46. Rd6 Kf7 47. Rd4 g5 48. Rd5 Kf6 49. h3 Re5 50. Rd8 Kf5 51. Rf8+ Ke4 52. Kg2 Ke3 53. Rf7 Ke2 54. Ra7 Re3 55. Ra2+ Kd3 56. Ra3+ Ke4 57. Ra4+ Kf5 58. Ra8 Rg3+ 59. Kh2 Re3 60. Rf8+ Ke4 61. Re8+ Kf3 62. Rf8+ Ke2 63. Rf5 Rg3 64. Ra5 Kf1 1/2-1/2

[Event "Regionalliga NO 9900"]
[Site "Bayern"]
[Date "2000.??.??"]
[Round "9.7"]
[White "Walter, Markus"]
[Black "Hofmann, Martin1111"]
[Result "1/2-1/2"]
[WhiteElo "1974"]
[BlackElo "2000"]
[PlyCount "92"]
[EventDate "1999.??.??"]
[EventType "team-tourn"]
[EventRounds "9"]
[EventCountry "GER"]
[SourceTitle "EXT 2020"]
[Source "ChessBase"]
[SourceDate "2019.10.17"]
[SourceVersion "1"]
[SourceVersionDate "2019.10.17"]
[SourceQuality "1"]
[WhiteTeam "Schwabach"]
[BlackTeam "Weiden"]
[WhiteTeamCountry "GER"]
[BlackTeamCountry "GER"]

1. e4 e6 2. d4 d5 3. Nd2 Nf6 4. e5 Nfd7 5. Bd3 c5 6. c3 Nc6 7. Ne2 Qb6 8. Nf3 f6 9. exf6 Nxf6 10. 0-0 Bd7 11. Ng3 Bd6 12. b3 cxd4 13. cxd4 0-0-0 14. Bb2 Kb8 15. Ne5 Rhf8 16. Nxc6+ Bxc6 17. Qe2 Bd7 18. Rfc1 Rc8 19. Nf1 Rxc1 20. Rxc1 Rc8 21. Qd2 Rxc1 22. Qxc1 Qc7 23. Qxc7+ Kxc7 24. g3 g6 25. f4 Ng8 26. Kf2 Ne7 27. Ne3 Nc6 28. Ng4 Be7 29. h4 Be8 30. Kf3 a6 31. Ke3 Kd7 32. Kf3 Kc7 33. Bb1 Kd7 34. Nf2 Bf6 35. Ke3 Ne7 36. Ng4 Bg7 37. Ne5+ Kc7 38. Ba3 Nf5+ 39. Bxf5 gxf5 40. Be7 Bxe5 41. fxe5 Bh5 42. Bf8 Bd1 43. Bh6 Kd7 44. Kf4 Ke7 45. Kg5 Kf7 46. h5 b5 1/2-1/2

[Event "Mittelfranken Mitte-ch 9900"]
[Site "Zirndorf"]
[Date "2000.??.??"]
[Round "2"]
[White "Woerl, Richard"]
[Black "Walter, Markus"]
[Result "1-0"]
[WhiteElo "2044"]
[BlackElo "2054"]
[PlyCount "49"]
[EventDate "2000.01.22"]
[EventType "swiss"]
[EventRounds "7"]
[EventCountry "GER"]
[SourceTitle "EXT 2015"]
[Source "ChessBase"]
[SourceDate "2014.11.20"]
[SourceVersion "1"]
[SourceVersionDate "2014.11.20"]
[SourceQuality "1"]

1. e4 c6 2. d4 d5 3. exd5 cxd5 4. Nf3 g6 5. Be2 Bg7 6. 0-0 Nh6 7. Bf4 0-0 8. Nbd2 Nc6 9. c3 f6 10. Qb3 Kh8 11. Rad1 Nf7 12. Bg3 a6 13. a3 b6 14. Ne1 Bb7 15. f4 e6 16. Nef3 Re8 17. Bd3 Nd6 18. Rde1 b5 19. Re2 Qd7 20. Rfe1 a5 21. Qc2 Qf7 22. Nb3 Nc4 23. Nc5 Bc8 24. f5 Ne7 25. fxe6 1-0